00826nam a2200241uu 4500001000800000005001700008008004100025035001200066035002100078040001300099041000800112080000700120100003700127245002600164250001100190260007500201300003500276650002800311700005800339942000900397999001900406952015900425102368820260507074620.0070411s1941 spa  a1023688 a(OCoLC)777600367 ccomduadb aspa aQS10aLevi, Giuseppe4auteaut943589810aTratado de histologia a2. ed. aBarcelona :bEditorial Labor. Presses Universitaires de France,c1941. a800 páginas :bilustraciones 7aHistología2dcs9484810aFernández Galiano, Emilio,d1946-4auteaut9267657 cBOOK c413376d413376 001040708HIS. MEDICaBMbBMd2007-04-11eMaterial adquirido por donacióniC944917l0oQS504 L4-41p0716429r2023-04-27 00:00:00t1w2023-04-27yBOOKI